| 000 | 00731nam a22002297a 4500 | ||
|---|---|---|---|
| 999 |
_c9577 _d9577 |
||
| 003 | AR-CdUCM | ||
| 008 | 190328b ||||| |||| 00| 0 spa d | ||
| 040 |
_aMUNICIPALIDAD PROVINCIAL DEL CUSCO _cBIBLIOTECA MUNICIPAL DEL CUSCO |
||
| 041 | _heng | ||
| 082 |
_a320 / _bB45 / 1935 |
||
| 100 |
_aBerl, Emmanuel _925876 |
||
| 245 | _aLa política y los partidos / | ||
| 260 |
_aSantiago de Chile : _bErcilla, _c1935. |
||
| 300 |
_a152 páginas ; _c21 cm. |
||
| 505 | _aContenido: Los partidos -- Los partidos y sus combinaciones. | ||
| 650 |
_aPolítica _9291 |
||
| 650 |
_aPartidos políticos _91565 |
||
| 650 |
_aDemocracia _92598 |
||
| 700 |
_aSánchez, Luis Alberto (traducción) _925877 |
||
| 942 |
_2ddc _cLIBROS |
||
| 945 | _aacv | ||